Mensajes de paz: S.S. Juan XXIII y Padres Conciliares, octubre y diciembre de 1962
Guardat en:
| Format: | Llibre |
|---|---|
| Idioma: | espanyol |
| Publicat: |
Santiago
Paulinas
1963
|
| Col·lecció: | Colección Magisterium
|
| Matèries: | |
| Etiquetes: |
Afegir etiqueta
Sense etiquetes, Sigues el primer a etiquetar aquest registre!
|
MARC
| LEADER | 00000nam a2200000 a 4500 | ||
|---|---|---|---|
| 001 | UCL4450 | ||
| 003 | CL-VaPUC | ||
| 008 | 040116e19630000CL |||||||||||||||||spa|d | ||
| 082 | 0 | 4 | |a 262.91 |b MEN |2 21 |
| 245 | 1 | 0 | |a Mensajes de paz: S.S. Juan XXIII y Padres Conciliares, octubre y diciembre de 1962 |
| 300 | |a 29 p | ||
| 942 | |c BK | ||
| 945 | |d 20040116 00:00:00 |a vberengu | ||
| 260 | |a Santiago |b Paulinas |c 1963 | ||
| 650 | 0 | |a Documentos pontificios |9 255642 | |
| 583 | |a last modification |c 20040116 00:00:00 |k Rodrigo Vera | ||
| 490 | 0 | |a Colección Magisterium | |
| 999 | |c 307279 |d 307277 | ||
| 952 | |0 0 |1 0 |4 0 |6 262_910000000000000_MEN_1963 |7 0 |8 A |9 373060 |a BIBTEO |b BIBTEO |d 2019-11-21 |i 2101882 |o 262.91 MEN 1963 |p 2101882 |r 2025-01-17 |w 2019-11-21 |y BK |k ICR | ||